|
|
|
|
| LEADER |
00000nam a2200000 4500 |
| 001 |
vtls011905716 |
| 003 |
SK-MaSNL |
| 005 |
20260301102353.0 |
| 008 |
211105s1491 gw 000 0 lat |
| 015 |
|
|
|a SNBHFA1491-1495
|
| 035 |
|
|
|a urn:nbn:sk:snk-am00fht0
|
| 035 |
|
|
|a urn:nbn:sk:snk-am3ivhf
|
| 035 |
|
|
|a 121D92FE-14DF-448F-9053-317CFBA28657
|
| 038 |
|
|
|a SNKHF
|
| 040 |
|
|
|a SNKHF
|b slo
|c SNKHF
|e AACR2
|
| 041 |
0 |
|
|a lat
|
| 044 |
|
|
|a gw
|c DE
|
| 072 |
|
7 |
|a 2-1
|x Prirodzená teológia. Náboženská filozofia
|2 konspekt
|
| 080 |
|
|
|a 2-1
|2 2011
|
| 100 |
0 |
|
|a Hugo de Sancto Caro,
|d okolo 1190-1263
|4 aut
|9 438048
|
| 240 |
1 |
0 |
|a Expositio missae seu Speculum ecclesiae
|
| 245 |
1 |
0 |
|a Expositio misse secundum
|c fratrem hugonem Cardinalem
|
| 264 |
|
3 |
|a [Norimberg]
|b [Caspar Hochdefer]
|c [asi 1491-1495]
|
| 300 |
|
|
|a a2-d5 strán
|c 18 cm
|
| 336 |
|
|
|a text
|b txt
|2 rdacontent
|
| 337 |
|
|
|a bez média
|b n
|2 rdamedia
|
| 338 |
|
|
|a zväzok
|b nc
|2 rdacarrier
|
| 500 |
|
|
|a Text písaný v dvoch stĺpcoch, repzentanty nevyplnené
|
| 501 |
|
|
|a Príväzok 1. k: Pseudo-Dionýzios Areopagita. Preclarum opusculum. Venetiis : Impensis Petri Liechteusteyncoloniensis, arte autem & ingenio. Iacobi de Leucho, anno a natiuitate xpi. 1501. quatro nonae aprilis.
|5 SNK Inc C 21
|
| 505 |
2 |
0 |
|a Prítlačok 1.:
|t De defectu occurrentibus in missa
|r 11 fólií
|
| 505 |
2 |
0 |
|a Prítlačok 2.:
|t Summa Johannis Andree de sponsatibus et matrimoniis
|r 7 fólií
|
| 505 |
2 |
0 |
|a Prítlačok 3.:
|t Impedimenta susceptionis orninum
|r 2 fóliá
|
| 505 |
2 |
0 |
|a Prítlačok 4.:
|t Confessio chatholicorum generalis
|r 6 fólií
|
| 505 |
2 |
0 |
|a Prítlačok 5.:
|t Expositio dominicae orationis
|r 5 folií
|
| 510 |
4 |
|
|a Kotvan
|c 654
|
| 510 |
4 |
|
|a GW
|c 13621
|
| 510 |
4 |
|
|a ISTC
|c ih00525000
|
| 561 |
|
|
|a Proveniencia: Na titulnom liste prvého diela konvolútu rukopisný záznam: Conventus Posoniensi Fratrum Minorum.
|5 SNK Inc C 21/prív.1
|
| 561 |
|
|
|a Proveniencia: Na titulnom liste prvého diela konvolútu rukopisný záznam: Martini hochij su.
|5 SNK Inc C 21
|
| 650 |
0 |
7 |
|a teológia
|2 SNKPH
|9 1814
|
| 700 |
1 |
|
|a Andreas, Johann
|t Summa de sponsalibus et matrimoniis
|4 aut
|9 438049
|
| 700 |
1 |
|
|a Andreas de Escobar,
|d asi 1348-1439
|t Modus confidenti (Confessio chatholicorum generalis)
|4 aut
|9 438050
|
| 700 |
1 |
|
|a Hochfeder, Kaspar
|4 prt
|9 438051
|
| 752 |
|
|
|a Nemecko
|d Norimberg
|
| 852 |
|
|
|a snk
|b Historické fondy
|p Inc C 21/prív.1
|
| 958 |
|
|
|a ONDV
|
| 999 |
|
|
|c 692011
|d 693941
|
| 952 |
|
|
|t Inc C 21
|a SNK
|b SNK
|c SNK_HF
|y PREZ
|7 0
|p 17A1357342
|o snkInc C 21/prív.1
|i snk1976/1019
|8 5
|0 0
|1 0
|4 0
|d 2019-12-06
|f 1
|l 0
|r 2026-02-23 20:30:36
|w 2026-02-23
|